000 00600nam a2200217Ia 4500
008 101110s9999 xx 000 0 und d
041 _aENGLISH
082 _bSR33531
100 _aSarandhar S.S., Golatkar V.V. & others
245 _aA new course in botany Vol. I SYBSc
260 _c2010
_bSheth publishers, Mumbai
300 _a208
365 _b135
520 _aBiology/Zoology
546 _aENGLISH
630 _aA new course in botany Vol. I SYBSc
650 _aBiology/Zoology
655 _aBiology/Zoology
730 _aA new course in botany Vol. I SYBSc
942 _cBOOK
999 _c826032
_d826029